| 000 | 00654cam a2200229 a 4500 | ||
|---|---|---|---|
| 001 | 2879644 | ||
| 005 | 20180301084401.0 | ||
| 008 | 860925s1987 nyu b 001 0 eng | ||
| 010 | _a 86026387 | ||
| 020 | _a023105808X | ||
| 040 |
_aDLC _cDLC _dDLC |
||
| 041 | _aeng | ||
| 080 | _a94 COX | ||
| 082 | _a94 COX | ||
| 100 | 1 | _a16 | |
| 101 | _aHIS | ||
| 245 | 1 | 0 |
_aProduction, power, and world order : _cRobert W. Cox. |
| 504 | _aBibliography: p. [463]-487. | ||
| 800 | 1 |
_aCox, Robert W., _d1926- _tPower and production ; _vv. 1. |
|
| 906 |
_a7 _bcbc _corignew _d1 _eocip _f19 _gy-gencatlg |
||
| 942 |
_2ddc _cBK |
||
| 999 |
_c43875 _d43875 |
||